00634nam a2200157 a 4500003000200000005001700002008004100019050002900060100002900089245010200118260009000220300004000310504004100350650003900391650004600430020250528112836.0021119s19uu xx 00 eng d aPHS LC 146.P6b.C37 2002 aCapiz, Precious Grace D. aMajor causes of dropouts in Public High Schools of Talon, Las Piñas /cPrecious Grace D. Capiz. aLas Piñas City, Philippines :bSouthville International School and Colleges,c2002. a46 pages :billustrations ;c28 cm. aIncludes bibliographical references. aHigh school dropoutszPhilippines. aPublic schoolszPhilippineszLas Piñas.